[Event "RSA-chT U12"]
[Site "Cape Town"]
[Date "2016.01.05"]
[Round "4.8"]
[White "Nathan, Samuel Alex"]
[Black "Koning, Jaedin"]
[Result "1-0"]
[WhiteElo "1228"]
[BlackElo "1104"]
[PlyCount "55"]
[EventDate "2016.01.04"]
[EventType "team-tourn"]
[EventRounds "7"]
[EventCountry "RSA"]
[SourceTitle "CBM 170 Extra"]
[Source "ChessBase"]
[SourceDate "2016.02.25"]
[SourceVersion "1"]
[SourceVersionDate "2016.02.25"]
[SourceQuality "1"]
[WhiteTeam "Western Province"]
[BlackTeam "Tshwane"]
[WhiteTeamCountry "RSA"]
[BlackTeamCountry "RSA"]

1. e4 e6 2. d4 d5 3. exd5 exd5 4. Nf3 Bd6 5. Bd3 Ne7 6. h3 0-0 7. 0-0 Nbc6 8. Nc3 Nf5 9. Nxd5 Nfxd4 10. Bxh7+ Kxh7 11. Nxd4 Bh2+ 12. Kxh2 Qxd5 13. Nxc6 Qxc6 14. Bf4 Bf5 15. Qh5+ Kg8 16. Qxf5 Rfe8 17. Rfe1 g6 18. Qd3 Qf6 19. g3 Qxb2 20. Qb3 Qd4 21. Be3 Qf6 22. Qxb7 Qc3 23. Qb3 Qe5 24. Rad1 Rab8 25. Qc4 Qa5 26. Rd7 Qxe1 27. Qxf7+ Kh8 28. Qh7# 1-0